L'Espagne et la France au Maroc au début de 1911 / (Record no. 135285)

MARC details
000 -LEADER
campo de control de longitud fija 00759nam a2200229 i 4500
001 - NÚMERO DE CONTROL
campo de control 135285
003 - IDENTIFICADOR DE NÚMERO DE CONTROL
campo de control ES-MaACL
005 - FECHA Y HORA DE LA ÚLTIMA TRANSACCIÓN
campo de control 20230906194841.0
007 - CAMPO FIJO DE DESCRIPCIÓN FÍSICA--INFORMACIÓN GENERAL
campo de control de longitud fija t|
008 - DATOS DE LONGITUD FIJA--INFORMACIÓN GENERAL
campo de control de longitud fija 070713s1911 fr ||||1| fre d
080 ## - NÚMERO DE LA CLASIFICACIÓN DECIMAL UNIVERSAL
Número de la Clasificación Decimal Universal 94(64)"18"
080 ## - NÚMERO DE LA CLASIFICACIÓN DECIMAL UNIVERSAL
Número de la Clasificación Decimal Universal 327(460:44)"18"
080 ## - NÚMERO DE LA CLASIFICACIÓN DECIMAL UNIVERSAL
Número de la Clasificación Decimal Universal 327(44:460)"18"
100 1# - ENTRADA PRINCIPAL--NOMBRE DE PERSONA
Nombre de persona Torcy, Louis-Joseph-Gilles de.
9 (RLIN) 110625
245 12 - MENCIÓN DEL TÍTULO
Título L'Espagne et la France au Maroc au début de 1911 /
Mención de responsabilidad, etc. Genéral de Torcy.
260 ## - PUBLICACIÓN, DISTRIBUCIÓN, ETC.
Lugar de publicación, distribución, etc. Paris :
Nombre del editor, distribuidor, etc. Librairie Militaire Berger-Levarult,
Fecha de publicación, distribución, etc. 1911.
300 ## - DESCRIPCIÓN FÍSICA
Extensión 35 p., [2] h. pleg. de map. ;
Dimensiones 25 cm.
651 #4 - PUNTO DE ACCESO ADICIONAL DE MATERIA--NOMBRE GEOGRÁFICO
Nombre geográfico Marruecos-
Subdivisión general Historia-
Subdivisión cronológica S.XIX.
9 (RLIN) 146673
651 #4 - PUNTO DE ACCESO ADICIONAL DE MATERIA--NOMBRE GEOGRÁFICO
Nombre geográfico España-
Subdivisión general Relaciones-
Subdivisión geográfica Francia.
9 (RLIN) 146674
651 #4 - PUNTO DE ACCESO ADICIONAL DE MATERIA--NOMBRE GEOGRÁFICO
Nombre geográfico Francia-
Subdivisión general Relaciones-
Subdivisión geográfica España.
9 (RLIN) 146675
852 ## - LOCALIZACIÓN
Ubicación ES-MaACL
Número de control de estantería T-1329-F-10
Holdings
Estatus retirado Estado de pérdida Estado de daño No para préstamo Colección Biblioteca de origen Biblioteca actual Ubicación en estantería Fecha de adquisición Fuente de adquisición Total de préstamos Signatura topográfica completa Código de barras Visto por última vez Precio de reemplazo Tipo de ítem Koha
        Colección de folletos Biblioteca del Ateneo de Madrid Biblioteca del Ateneo de Madrid Depósito folletos 17/01/2008     T-1329-F-10 1140807 23/02/2023 23/02/2023 Folleto